Statystyki dla Największe miasta we Włoszech

Kliknij tutaj aby rozwiązać quiz!

Ogólne statystyki

  • Ten quiz został rozwiązany 56 razy
  • Średni wynik to 4 z 5

Statystyki odpowiedzi

LudnoscMiasto% Poprawnych
2.617.175Rzym
100%
1.369.231Mediolan
91%
1.067.365Neapol
85%
962.507Turyn
68%
698.556Palermo
53%

Rozkład punktacji

Percentyl według liczby udzielonych odpowiedzi

Procent ludzi z każdym wynikiem

Twoja historia wyników

Nie rozwiązałeś tego quizu